000 00254 a2200109 4500
001 50745
040 _cAnchieta - Pituba
240 1 0 _aDeutsch.com 2
_l
245 1 0 _aDeutsch.com 2
650 4 _aLínguas germânicas (teutônicas) língua alemã
942 _cMU
999 _c50745
_d50745